000 00698cab a2200217 4500
001 WB3229-26
008 090401t1996 xxu||||| |||| 00| 0 eng d
035 _a(Sirsi) u60475
041 _aeng
245 _aLeases, limitation and formalities
260 _c1996
350 _a0
490 _aEstates Gazette
_v(9629) 20 July 1996, 109(1)
520 _aDiscusses the case of "Long v Tower Hamlets LBC" in which a tenant claimed to have title under the Limitation Act, and its implications for short leases.
650 _aLIMITATION ACT 1980
650 _aLONG V TOWER HAMLETS LBC
650 _aSHORT LEASES
690 _aPROPERTY-LANDLORD AND TENANT
942 _n0
948 _c04/03/1997
999 _c37305
_d37305